| 000 | 00459nam a22001457a 4500 | ||
|---|---|---|---|
| 003 | macl | ||
| 005 | 20180412122550.0 | ||
| 008 | 180412b xxu||||| |||| 00| 0 eng d | ||
| 040 | _cmacl | ||
| 100 |
_aसी पाराशर _971969 |
||
| 245 | _aगवर्नर जनरल लॉर्ड माउंटबेटन | ||
| 260 |
_aलखनउ _bगंगोत्री पब्लि. _c2017 |
||
| 650 |
_aजीवनी _97943 |
||
| 942 |
_2ddc _cHIN |
||
| 999 |
_c57682 _d57682 |
||